00634nam a2200181Ia 4500008004100000082001600041100001700057245006000074250000800134260002900142300001100171500002400182650001200206942000700218952010500225952010500330999001700435230524s9999 xx 000 0 und d a621.38bHAM aFred Halsall 0a"Data Communication, Computer Networks and Open System" a4TH aNEW DELHIbPearsonc2002 aXV;901 aQuantity Number: 2 aComp-Sc cBK 00104070aTATCLbTATCLcGENd2023-05-24l0o621.38 HAMp8816r2023-05-24w2023-05-24yBKzPEEC4304 00104070aTATCLbTATCLcGENd2023-05-24l0o621.38 HAMp9212r2023-05-24w2023-05-24yBKzPEEC4304 c31576d31576